000 00247nam a2200097Ia 4500
001 788407
005 20250826170358.0
008 250824s9999 xx 000 0 und d
245 0 _aSANATA DAİR
_cHALİD ZİYA UŞAKLIGİL
260 _bÖZGÜR YAYINLARI
999 _c788407
_d788407